000
00219 a2200097 4500
001
57012
100
_a
245
_a
Prame Chand Key Bees Khanaya
260
_a
Lahore
_b
Beacon Pub
_c
2003
090
_c
34935
_d
34935
942
_a
NUST-CAE
_c
MONOGRAPH
_c
27708
999
_c
292085
_d
292085